[Event "Match"]
[Site "www.echecsemail.com"]
[Date "2015.01.14"]
[Round "1"]
[White "Xav77"]
[Black "Gmi42"]
[WhiteElo "1900"]
[BlackElo "1809"]
[Result "1-0"]
[Round "1"]
1.e4 c6
2.d4 d5
3.exd5 cxd5
4.Nb1c3 Nb8c6
5.Bf1b5 a6
6.Bb5xc6 bxc6
7.h3 Ng8f6
8.Ng1f3 e6
9.a3 c5
10.dxc5 Bf8xc5
11.Bc1g5 Qd8b6
12.O-O Qb6xb2
13.Qd1d2 Qb2b8
14.Rf1e1 O-O
15.Bg5xf6 gxf6
16.Nf3h2 h5
17.Qd2h6 Qb8g3
18.Qh6xf6 Qg3g7
19.Qf6xg7 Kxg7
20.Nc3a4 Bc5e7
21.Nh2f3 Ra8a7
22.Nf3e5 Ra7c7
23.Ra1a2 f6
24.Ne5d3 e5
25.Nd3b4 Rf8d8
26.Ra2b2 a5
27.Nb4d3 Be7xa3
28.Rb2a2 Ba3d6
29.Na4b6 e4
30.Nd3c1 Bc8e6
31.Nc1b3 d4
32.Ra2a4 Rc7xc2
{ time. }
1-0

[Event "Match"]
[Site "www.echecsemail.com"]
[Date "2015.01.14"]
[Round "1"]
[White "Pinehill"]
[Black "Wagner"]
[WhiteElo "1730"]
[BlackElo "1660"]
[Result "1-0"]
[Round "1"]
1.e4 e5
2.d4 Qd8h4
3.Bf1d3 exd4
4.Ng1f3 Qh4g4
5.O-O c5
6.Nb1d2 a6
7.h3 Qg4f4
8.Nd2c4 Qf4c7
9.e5 b5
10.Bd3e4 Bc8b7
11.Nc4d6 Bf8xd6
12.Be4xb7 Qc7xb7
13.exd6 Nb8c6
14.Qd1e2 Kd8
15.Bc1g5 f6
16.Rf1e1 Ng8e7
17.dxe7 Ke8
18.Bg5d2 d6
19.Qe2e6 Qb7b8
20.Nf3h4 Qb8c7
21.Nh4f5 Qc7xe7
22.Nf5xe7 Nc6xe7
23.Qe6xe7 { resign }
1-0

[Event "Match"]
[Site "www.echecsemail.com"]
[Date "2015.01.14"]
[Round "1"]
[White "Lijo"]
[Black "Kantimousse"]
[WhiteElo "1199"]
[BlackElo "1640"]
[Result "0-1"]
[Round "1"]
1.e4 e5
2.Ng1f3 Nb8c6
3.d4 exd4
4.Nf3xd4 Nc6e5
5.Nb1c3 Qd8h4
6.Nd4f3 Ne5xf3
7.Qd1xf3 Bf8c5
8.Nc3d5 Bc5xf2
9.Qf3xf2 Qh4xe4
10.Nd5e3 Ng8f6
11.Bf1e2 d5
12.Be2f3 Qe4e5
13.O-O O-O
14.Rf1e1 Bc8e6
 { time }
0-1

[Event "1/128 Finale"]
[Site "www.chess-mail.com"]
[Date "2015.01.14"]
[Round "1"]
[White "Pretorian"]
[Black "Wildsmokey"]
[WhiteElo "2440"]
[BlackElo "1499"]
[Result "1-0"]
[Round "1"]
1.d4 d5
2.c4 e6
3.Nb1c3 Ng8f6
4.Ng1f3 c6
5.Bc1g5 Nb8d7
6.e3 Bf8e7
7.Qd1c2 O-O
8.Ra1d1 Rf8e8
9.Bf1d3 dxc4
10.Bd3xc4 Nf6d5
11.Bg5xe7 Qd8xe7
12.O-O Nd5xc3
13.bxc3 Nd7f8
14.Bc4d3 b6
15.c4 c5
16.Bd3e4 Bc8b7
17.Be4xb7 Qe7xb7
18.dxc5 bxc5
19.Rd1b1 Qb7c7
20.Rb1b5 a6
21.Rb5b3 Ra8b8
22.Rf1b1 f6
23.Qc2e4 Re8d8
24.h3 Rb8xb3
25.axb3 e5
26.Rb1a1 a5
27.Qe4c2 Nf8g6
28.Qc2c3 e4
29.Nf3e1 Ng6e5
30.Ra1xa5 Ne5d3
31.Ne1xd3 Rd8xd3
32.Ra5a8 Kf7
33.Qc3e1 Qc7d6
34.Ra8a1 Rd3xb3
35.Qe1e2 Qd6e5
36.Ra1a7 Kf8
37.g3 Rb3b1
38.Kg2 Rb1b2
39.Qe2g4 f5
40.Qg4h5 g6
41.Qh5d1 Qe5b8
42.Qd1d7 Rb2xf2
43.Kxf2 Qb8b2
44.Ke1 Qb2c1
45.Qd7d1 Qc1xe3
46.Kf1 { resign }
1-0

[Event "Eq:chibcha-THE KILLERS 1 : "]
[Site "www.chess-mail.com"]
[Date "2015.01.14"]
[Round "1"]
[White "Gmi42"]
[Black "Paes19"]
[WhiteElo "2059"]
[BlackElo "2010"]
[Result "0-1"]
[Round "1"]
1.e4 e6
2.d3 Bf8c5
3.g3 d6
4.Bf1g2 e5
5.Ng1f3 h6
6.Nb1c3 f5
7.exf5 Nb8c6
8.Nf3h4 Ng8e7
9.Qd1h5 Kd7
10.f6 gxf6
11.Bg2h3 f5
12.Nh4xf5 Qd8f8
13.Nf5xh6 Kd8
14.Nh6f7 { time. }
0-1

[Event "Eq:Angels of Checkmate-Helvetica B : "]
[Site "www.chess-mail.com"]
[Date "2015.01.14"]
[Round "1"]
[White "Neverless"]
[Black "Irene"]
[WhiteElo "2650"]
[BlackElo "1970"]
[Result "1-0"]
[Round "1"]
1.e4 c5
2.Ng1f3 Nb8c6
3.d4 cxd4
4.Nf3xd4 d6
5.Nb1c3 Ng8f6
6.Bc1g5 e5
7.Nd4b5 a6
8.Nb5a3 Bf8e7
9.Na3c4 b5
10.Bg5xf6 Be7xf6
11.Nc4xd6 Ke7
12.Nd6xc8 Ra8xc8
13.Nc3d5 Kf8
14.a4 Qd8a5
15.c3 b4
16.Ra1c1 bxc3
17.Rc1xc3 g6
18.b4 Qa5d8
19.Bf1xa6 Nc6a7
20.Ba6xc8 Na7xc8
21.Nd5xf6 Qd8xf6
22.Rc3xc8 Kg7
23.Rc8xh8 Kxh8
24.b5 Qf6b6
25.O-O Qb6a5
26.Qd1d5 { resign }
1-0

[Event "Eq:BEAC Hungary-Team USA : "]
[Site "www.chess-mail.com"]
[Date "2015.01.14"]
[Round "1"]
[White "Stevefillion"]
[Black "Preacher59"]
[WhiteElo "2320"]
[BlackElo "1940"]
[Result "1-0"]
[Round "1"]
1.d4 Ng8f6
2.c4 g6
3.Nb1c3 Bf8g7
4.e4 d6
5.h3 O-O
6.Ng1f3 Nb8d7
7.e5 dxe5
8.dxe5 Nf6e8
9.e6 fxe6
10.Nf3g5 Nd7b6
11.Qd1xd8 { resign }
1-0

[Event "Fast Game"]
[Site "www.echecsemail.com"]
[Date "2015.01.14"]
[Round "1"]
[White "Roqueur"]
[Black "Fanny33"]
[WhiteElo "2219"]
[BlackElo "2090"]
[Result "1/2-1/2"]
[Round "1"]
1.e4 c5
2.Ng1f3 d6
3.d4 cxd4
4.Nf3xd4 Ng8f6
5.Nb1c3 a6
6.Bc1g5 e6
7.f4 h6
8.Bg5h4 Qd8b6
9.a3 Bf8e7
10.Bh4f2 Qb6c7
11.Qd1f3 Nb8d7
12.O-O-O b5
13.g4 Bc8b7
14.Bf1g2 Ra8c8
15.Kb1 g5
16.h4 Rh8g8
17.hxg5 hxg5
18.f5 e5
19.Nd4b3 a5
20.Qf3d3 Bb7c6
21.Bg2f3 b4
22.axb4 axb4
23.Nc3d5 Nf6xd5
24.exd5 Bc6b5
25.Qd3d2 Bb5c4
26.Rh1e1 Kf8
27.Re1h1 Be7d8
28.Rh1h6 Bd8f6
29.Bf3e4 Bc4xb3
30.cxb3 Qc7a5
31.Rd1c1 Rc8xc1
32.Qd2xc1 Kg7
33.Rh6h1 Nd7c5
34.Bf2xc5 Rg8c8
35.Qc1e3 Rc8xc5
36.Rh1c1 Rc5xc1
37.Qe3xc1 Qa5b6
38.Qc1e1 Bf6d8
39.Be4d3 Qb6d4
40.Bd3e4 Bd8b6
{ draw }
1/2-1/2

[Event "Tourn. n7816"]
[Site "www.chess-mail.com"]
[Date "2015.01.15"]
[Round "1"]
[White "Anja"]
[Black "Currivan"]
[WhiteElo "1690"]
[BlackElo "1730"]
[Result "1-0"]
[Round "1"]
1.e4 e5
2.Ng1f3 d6
3.d4 exd4
4.Qd1xd4 Nb8c6
5.Bf1b5 Ng8e7
6.Qd4d1 Bc8d7
7.O-O a6
8.Bb5c4 Nc6e5
9.Bc1f4 Ne7g6
10.Bf4xe5 Ng6xe5
11.Bc4b3 Qd8e7
12.h3 O-O-O
13.a4 Qe7f6
14.Nf3xe5 Qf6xe5
15.Nb1c3 Bd7c6
16.Bb3xf7 Bc6xe4
17.Rf1e1 d5
18.Qd1g4 Kb8
19.Nc3xe4 dxe4
20.Qg4xe4 Bf8d6
21.Qe4xe5 Bd6xe5
22.Re1xe5 Rd8d2
23.Ra1c1 Rh8d8
24.Re5e8 Rd8xe8
25.Bf7xe8 Rd2e2
26.Be8h5 Re2e5
27.Bh5f3 Re5a5
28.b3 b5
29.axb5 axb5
30.Bf3e4 h5
31.Rc1d1 c5
32.Rd1d5 b4
33.Rd5xh5 Ra5a1
34.Kh2 Ra1a5
35.Rh5g5 Ra5a7
36.Rg5xc5 Ra7e7
37.f3 Re7b7
38.Be4xb7 Kxb7
39.Kg3 Kb6
40.Rc5g5 Kc6
41.Rg5xg7 Kd5
42.h4 Kd4
43.h5 Kc3
44.Rg7c7 Kb2
45.h6 { resign }
1-0

[Event "Tourn. n7816"]
[Site "www.chess-mail.com"]
[Date "2015.01.15"]
[Round "1"]
[White "Currivan"]
[Black "Chiccogianca"]
[WhiteElo "1730"]
[BlackElo "1730"]
[Result "0-1"]
[Round "1"]
1.d4 b6
2.e4 Bc8b7
3.Nb1c3 g6
4.Ng1f3 Bf8g7
5.Bc1e3 e6
6.Be3g5 Ng8e7
7.Bf1b5 a6
8.Bb5d3 d6
9.O-O Nb8d7
10.h3 O-O
11.Qd1d2 b5
12.Bg5h6 c5
13.Bh6xg7 Kxg7
14.Nf3h2 cxd4
15.Nc3e2 e5
16.Nh2g4 Ne7g8
17.Ne2g3 Nd7f6
18.Ng4xf6 Qd8xf6
19.b3 h6
20.Qd2e2 Qf6d8
21.Qe2g4 Bb7c8
22.Qg4f3 Ng8e7
23.Rf1c1 f5
24.exf5 Bc8xf5
25.Ng3xf5 gxf5
26.Qf3g3 Ne7g6
27.Bd3e2 Qd8g5
28.Qg3xg5 hxg5
29.Be2h5 Rf8h8
30.Bh5xg6 Kxg6
31.f3 b4
32.a3 a5
33.axb4 axb4
34.Ra1a4 Ra8xa4
35.bxa4 Rh8a8
36.Rc1a1 Ra8a5
37.g4 fxg4
38.fxg4 Kf6
39.Kf2 e4
40.Ke2 Ke5
41.Kd2 Kd5
42.Kc1 e3
43.Kd1 Kc4
44.Kc1 Kc3
45.h4 gxh4
46.Kd1 b3
47.cxb3 Kxb3
48.g5 Ra5xg5
49.Ke2 Kc4
50.a5 Rg5g2
51.Kf1 Rg2f2
52.Kg1 d3
53.a6 Rf2f8
54.a7 Rf8a8
55.Ra1c1 Kd4
56.Rc1a1 h3
57.Ra1a2 d2
58.Ra2a4 Kd3
59.Ra4a1 Ke2
60.Kh2 d1Q
61.Ra1xd1 Kxd1
62.Kxh3 e2
63.Kg4 e1Q
64.Kf5 Ra8xa7
65.Kf6 d5
66.Kf5 d4
67.Kf4 Ra7f7
68.Kg5 Qe1g1
{ resign }
0-1

[Event "Tourn. n7956"]
[Site "www.chess-mail.com"]
[Date "2015.01.15"]
[Round "1"]
[White "Cardiff"]
[Black "Cathar"]
[WhiteElo "2050"]
[BlackElo "2020"]
[Result "0-1"]
[Round "1"]
1.d4 Ng8f6
2.c4 c5
3.d5 e5
4.Nb1c3 d6
5.e4 Nb8d7
6.f4 exf4
7.Bc1xf4 Bf8e7
8.Ng1f3 O-O
9.Bf1d3 Nf6e8
10.O-O Be7f6
11.Qd1c2 Qd8e7
12.Ra1e1 Nd7e5
13.Nf3xe5 Bf6xe5
14.Bf4xe5 Qe7xe5
15.Kh1 Ne8f6
16.h3 Nf6d7
17.Rf1f5 Qe5e7
18.Re1f1 Nd7e5
19.Nc3b5 Bc8xf5
20.Rf1xf5 a6
21.Nb5c3 Ra8b8
22.a4 b6
23.Rf5f2 Qe7h4
24.Kg1 g6
25.Qc2d2 Rb8e8
26.b3 Ne5xd3
27.Qd2xd3 f5
28.exf5 Re8e1
29.Rf2f1 Re1xf1
{ resign }
0-1

[Event "Tourn. n7867"]
[Site "www.chess-mail.com"]
[Date "2015.01.15"]
[Round "1"]
[White "Sontuozio"]
[Black "Greghghs"]
[WhiteElo "2210"]
[BlackElo "2410"]
[Result "0-1"]
[Round "1"]
1.d4 Ng8f6
2.Ng1f3 g6
3.c4 Bf8g7
4.Nb1c3 d5
5.e3 O-O
6.Bf1d3 c5
7.O-O cxd4
8.exd4 Nb8c6
9.a3 Bc8g4
10.Bc1e3 e5
11.dxe5 Nc6xe5
12.Bd3e2 Ne5xf3
13.Be2xf3 Bg4xf3
14.Qd1xf3 dxc4
15.Ra1d1 Qd8c7
16.Be3f4 Qc7c6
17.Qf3xc6 bxc6
18.Rd1d6 Ra8c8
19.Rf1d1 Nf6d5
20.Bf4d2 Rf8d8
21.Rd6xd8 Rc8xd8
22.Rd1e1 Rd8b8
23.Nc3xd5 cxd5
24.Bd2c3 d4
25.Bc3b4 d3
26.Bb4c3 Bg7xc3
27.bxc3 Rb8b3
28.Re1c1 Rb3xc3
{ resign }
0-1

[Event "Tourn. n7961"]
[Site "www.chess-mail.com"]
[Date "2015.01.15"]
[Round "1"]
[White "Bojan"]
[Black "Anja"]
[WhiteElo "1910"]
[BlackElo "1990"]
[Result "1-0"]
[Round "1"]
1.e4 Ng8f6
2.e5 Nf6d5
3.c3 c5
4.Ng1f3 d6
5.Bf1c4 Nd5b6
6.Qd1b3 d5
7.Bc4b5 Nb8c6
8.Bb5xc6 bxc6
9.d3 e6
10.Bc1g5 Bf8e7
11.Bg5xe7 Qd8xe7
12.Nb1d2 O-O
13.h3 Bc8a6
14.Qb3c2 Nb6d7
15.Nd2b3 c4
16.dxc4 Ba6xc4
17.Nb3a5 Bc4a6
18.Na5xc6 Qe7c5
19.Nf3d4 Ba6b7
20.Nc6b4 Nd7xe5
21.O-O-O Rf8c8
22.Nb4d3 Ne5xd3
23.Rd1xd3 a5
24.f4 Bb7a6
25.Rd3f3 a4
26.Rh1e1 a3
27.b3 Qc5a5
28.f5 exf5
29.Nd4xf5 Rc8d8
30.Nf5e7 Kh8
31.Ne7c6 { resign }
1-0

[Event "Tourn. n7932"]
[Site "www.chess-mail.com"]
[Date "2015.01.15"]
[Round "1"]
[White "Anja"]
[Black "Maredocla"]
[WhiteElo "1960"]
[BlackElo "1930"]
[Result "1-0"]
[Round "1"]
1.d4 e6
2.e4 d5
3.Nb1c3 Bf8b4
4.e5 Ng8e7
5.Qd1g4 Ne7f5
6.Bf1d3 Nb8c6
7.Bd3xf5 exf5
8.Qg4xg7 Rh8f8
9.Ng1f3 Bc8e6
10.a3 Bb4e7
11.Bc1g5 Qd8d7
12.Bg5xe7 Qd7xe7
13.Qg7xh7 O-O-O
14.Qh7h6 Rf8h8
15.Qh6f4 Rd8g8
16.g3 Rg8g4
17.Qf4e3 Nc6a5
18.Nf3d2 Qe7f8
19.O-O-O Na5c6
20.Nd2b3 Kb8
21.f4 Rh8h7
22.Nb3c5 Qf8h8
23.Qe3e2 Rg4xg3
24.Qe2b5 Be6c8
25.Nc3xd5 Rg3g6
26.Nc5a6 Ka8
27.Nd5xc7 { resign }
1-0

[Event "Tourn. n7948"]
[Site "www.chess-mail.com"]
[Date "2015.01.15"]
[Round "1"]
[White "Anja"]
[Black "Bojan"]
[WhiteElo "1960"]
[BlackElo "1890"]
[Result "0-1"]
[Round "1"]
1.d4 g6
2.c4 Bf8g7
3.Bc1f4 c6
4.e4 d6
5.Nb1c3 e5
6.dxe5 dxe5
7.Qd1xd8 Kxd8
8.Bf4g3 Nb8d7
9.Ng1f3 f6
10.Bf1e2 Kc7
11.Nf3d4 Nd7c5
12.b4 Nc5e6
13.Nd4xe6 Bc8xe6
14.O-O Ng8e7
15.Rf1d1 Ra8d8
16.a4 Ne7c8
17.b5 Nc8b6
18.c5 Nb6d7
19.b6 Kb8
20.a5 Nd7xc5
21.bxa7 Kxa7
22.f3 Nc5b3
23.Ra1b1 Rd8xd1
24.Be2xd1 Nb3d4
25.Bg3f2 Rh8d8
26.Nc3a4 Bg7f8
27.Bd1e2 Bf8d6
28.Be2d3 Bd6c7
29.Na4c5 Be6c8
30.Bd3c4 Rd8d6
31.Rb1a1 Kb8
32.a6 b6
33.a7 Ka8
34.Bc4a6 Bc8xa6
35.Nc5xa6 Bc7d8
36.Na6b8 c5
{ resign }
0-1

[Event "Tourn. n7890"]
[Site "www.chess-mail.com"]
[Date "2015.01.15"]
[Round "1"]
[White "Andreachess"]
[Black "Picifarkinca"]
[WhiteElo "1950"]
[BlackElo "1910"]
[Result "0-1"]
[Round "1"]
1.c4 d5
2.d4 c6
3.Ng1f3 Ng8f6
4.Nb1c3 Bc8f5
5.e3 dxc4
6.Bf1xc4 e6
7.O-O Nb8d7
8.a3 h6
9.b4 Bf8e7
10.Bc1b2 Nf6e4
11.Nc3xe4 Bf5xe4
12.b5 O-O
13.a4 Nd7f6
14.Nf3e5 Be4d5
15.Bc4d3 c5
16.Ra1c1 Ra8c8
17.Bb2a3 b6
18.f3 Bd5b7
19.Qd1e1 cxd4
20.Ba3xe7 Qd8xe7
21.exd4 Rc8xc1
22.Qe1xc1 Nf6d5
23.f4 Qe7b4
24.Qc1a1 Qb4d2
25.Rf1f2 Qd2e3
26.g3 Rf8c8
27.Kg2 Nd5xf4
{ resign }
0-1

[Event "Tourn. n7936"]
[Site "www.chess-mail.com"]
[Date "2015.01.15"]
[Round "1"]
[White "Blackpool"]
[Black "Anja"]
[WhiteElo "1840"]
[BlackElo "1980"]
[Result "1/2-1/2"]
[Round "1"]
1.c4 e5
2.Nb1c3 Nb8c6
3.g3 g6
4.Bf1g2 Bf8g7
5.d3 d6
6.Ng1f3 Ng8e7
7.O-O O-O
8.h3 f5
9.Bc1g5 h6
10.Bg5xe7 Qd8xe7
11.Nc3d5 Qe7f7
12.b4 Bc8e6
13.Nf3d2 Ra8d8
14.a3 Kh7
15.Nd2b3 Be6xd5
16.Bg2xd5 Qf7f6
17.b5 Nc6e7
18.Bd5xb7 Qf6g5
19.Bb7g2 { draw }
1/2-1/2

[Event "Tourn. n7991"]
[Site "www.chess-mail.com"]
[Date "2015.01.15"]
[Round "1"]
[White "Cardiff"]
[Black "Biagio"]
[WhiteElo "2050"]
[BlackElo "2030"]
[Result "1/2-1/2"]
[Round "1"]
1.d4 d5
2.Nb1c3 Ng8f6
3.Ng1f3 Bc8f5
4.Bc1f4 e6
5.e3 Bf8b4
6.Bf1d3 Bf5xd3
7.Qd1xd3 a6
8.O-O Nb8c6
9.Nf3e5 O-O
10.Ne5xc6 bxc6
11.a3 Bb4e7
12.e4 dxe4
13.Nc3xe4 Nf6xe4
{ draw }
1/2-1/2

[Event "Tourn. n7943"]
[Site "www.chess-mail.com"]
[Date "2015.01.15"]
[Round "1"]
[White "Difficult"]
[Black "Attatroll"]
[WhiteElo "1880"]
[BlackElo "2040"]
[Result "1/2-1/2"]
[Round "1"]
1.c4 e5
2.Nb1c3 Ng8f6
3.g3 Bf8b4
4.Bf1g2 c6
5.Qd1c2 O-O
6.a3 Bb4a5
7.Ng1f3 d6
8.b4 Ba5b6
9.d3 Bc8e6
10.O-O Nb8d7
11.Nf3g5 h6
12.Ng5xe6 fxe6
13.Bc1b2 d5
14.c5 Bb6c7
15.e3 Nf6g4
16.h3 Ng4f6
17.e4 d4
18.Nc3e2 a5
19.f4 exf4
20.Ne2xf4 Qd8e8
21.Nf4e2 Nf6h5
22.Rf1xf8 Qe8xf8
23.Ra1f1 Qf8e7
24.g4 Nh5g3
25.Ne2xg3 Bc7xg3
26.Bb2xd4 e5
27.Bd4c3 axb4
28.axb4 Nd7f6
29.Rf1a1 { draw }
1/2-1/2

[Event "Tourn. n7870"]
[Site "www.chess-mail.com"]
[Date "2015.01.15"]
[Round "1"]
[White "Ingauno64"]
[Black "Pgcbies"]
[WhiteElo "2510"]
[BlackElo "2730"]
[Result "1/2-1/2"]
[Round "1"]
1.Ng1f3 c5
2.c4 Ng8f6
3.Nb1c3 Nb8c6
4.e4 e6
5.Bf1e2 d5
6.exd5 exd5
7.d4 cxd4
8.Nf3xd4 dxc4
9.Nd4xc6 Qd8xd1
10.Nc3xd1 bxc6
11.Be2xc4 Bf8d6
12.O-O O-O
13.Bc1d2 h6
14.Ra1c1 a5
15.Nd1e3 Nf6e4
16.Bd2e1 a4
17.Rc1c2 Bd6e5
18.Be1b4 Rf8d8
19.f3 Ne4f6
20.Bb4c3 Be5c7
21.Rf1e1 Bc7b6
{ draw }
1/2-1/2

[Event "Tourn. n7901"]
[Site "www.chess-mail.com"]
[Date "2015.01.15"]
[Round "1"]
[White "Osopanda"]
[Black "Fred"]
[WhiteElo "1910"]
[BlackElo "1910"]
[Result "1/2-1/2"]
[Round "1"]
1.c4 e6
2.Nb1c3 Bf8c5
3.d4 Bc5b4
4.a3 Bb4xc3
5.bxc3 Nb8c6
6.e4 d6
7.Bf1d3 h6
8.Ng1h3 Ng8f6
9.O-O O-O
10.f3 e5
11.d5 Bc8xh3
12.gxh3 Nc6e7
13.f4 Nf6h7
14.fxe5 dxe5
15.c5 Ne7g6
16.Qd1g4 c6
17.d6 Qd8h4
18.Qg4xh4 Ng6xh4
19.Bd3c4 Kh8
20.Kf2 f5
21.Kg3 Nh4g6
22.exf5 Ng6f4
23.Bc1xf4 exf4
24.Rf1xf4 Nh7f6
25.Kf3 Ra8e8
26.Ra1d1 Re8e5
27.d7 Rf8d8
28.Bc4e6 Re5xc5
29.c4 Rc5e5
30.Rd1b1 b6
31.Rf4d4 g6
32.Rd4d6 gxf5
33.Rd6xc6 Nf6xd7
34.Kf4 Re5a5
35.Rc6c7 Nd7c5
36.Be6xf5 Rd8d4
37.Ke3 Rd4xc4
38.Rc7h7 Kg8
39.Rb1g1 Kf8
40.Rg1g7 Ra5xa3
41.Kd2 Nc5b3
42.Ke1 Ra3a1
43.Kf2 Rc4c2
44.Ke3 Ra1e1
45.Kd3 Rc2d2
46.Kc3 Re1e3
47.Kc4 Rd2d4
48.Kb5 Re3e5
49.Ka6 Nb3c5
50.Kxa7 Rd4a4
51.Kxb6 Re5xf5
52.Rg7c7 Ra4b4
53.Kc6 Kg8
54.Rh7g7 Kf8
55.Rg7h7 Kg8
56.Rh7g7 Kh8
57.Rg7h7 { draw }
1/2-1/2

[Event "Tourn. n7970"]
[Site "www.chess-mail.com"]
[Date "2015.01.15"]
[Round "1"]
[White "Falcoale"]
[Black "Bojan"]
[WhiteElo "1890"]
[BlackElo "1940"]
[Result "1/2-1/2"]
[Round "1"]
1.e4 g6
2.d4 d5
3.e5 Bf8g7
4.f4 f5
5.Ng1f3 Ng8h6
6.h3 Nh6f7
7.c4 a6
8.Nb1c3 e6
9.g3 c6
10.Bc1e3 Qd8b6
11.b3 Qb6a5
12.Be3d2 Qa5c7
13.Nc3a4 Bg7f8
14.Bd2c3 b6
15.c5 bxc5
16.Na4xc5 Nb8d7
17.Nc5xe6 Qc7b6
18.a4 Bf8e7
19.Ne6g7 Kf8
20.Ng7e6 Kg8
21.Bf1d3 Nd7f8
22.Ne6xf8 Kxf8
23.Rh1h2 Ra8b8
24.Bd3c2 Bc8e6
25.Rh2e2 Kg7
26.Re2g2 h6
27.Qd1d3 Rh8c8
28.g4 Nf7h8
29.g5 Nh8f7
30.gxh6 Kxh6
31.Kd2 c5
32.Ra1g1 Rc8g8
33.h4 Rg8g7
34.Nf3g5 Nf7xg5
35.hxg5 Kh7
36.Rg2h2 Kg8
37.Rg1h1 cxd4
38.Bc3xd4 Qb6b4
39.Qd3c3 Kf7
40.Rh2h8 Qb4xc3
41.Bd4xc3 Rb8c8
42.Rh8xc8 Be6xc8
43.e6 Bc8xe6
44.Bc3xg7 Kxg7
45.Rh1e1 Be7b4
46.Ke2 Bb4xe1
47.Kxe1 Kf7
48.Kd2 a5
49.Kc3 Ke7
50.Kd4 Kd6
{ draw }
1/2-1/2

[Event "Tourn. n7897"]
[Site "www.chess-mail.com"]
[Date "2015.01.15"]
[Round "1"]
[White "Hugol"]
[Black "Silent1"]
[WhiteElo "1840"]
[BlackElo "1820"]
[Result "1/2-1/2"]
[Round "1"]
1.e4 e5
2.Ng1f3 d6
3.d4 exd4
4.Nf3xd4 Bf8e7
5.Nb1c3 Ng8f6
6.Bf1e2 O-O
7.O-O Bc8d7
8.Bc1f4 Nb8c6
9.Qd1d2 Nc6xd4
10.Qd2xd4 Bd7c6
11.Ra1d1 a6
12.Rf1e1 h6
13.Nc3d5 Bc6xd5
14.exd5 Nf6h7
15.Be2f3 Be7f6
16.Qd4b4 b6
17.h3 Bf6g5
18.Bf3g4 Bg5xf4
19.Qb4xf4 Nh7f6
20.Bg4f5 Rf8e8
21.Qf4d2 Re8xe1
22.Rd1xe1 Qd8f8
23.c4 a5
24.Re1e3 Ra8e8
25.Qd2e2 Re8xe3
26.Qe2xe3 Qf8e8
{ draw }
1/2-1/2

[Event "Tourn. n7928"]
[Site "www.chess-mail.com"]
[Date "2015.01.15"]
[Round "1"]
[White "Anja"]
[Black "Desiderio"]
[WhiteElo "1930"]
[BlackElo "2020"]
[Result "1-0"]
[Round "1"]
1.d4 d5
2.Ng1f3 Ng8f6
3.e3 e6
4.c4 Nb8d7
5.Nb1c3 c6
6.Bf1d3 Bf8e7
7.Qd1c2 O-O
8.b3 dxc4
9.bxc4 Rf8e8
10.O-O Nd7f8
11.a4 Nf8g6
12.e4 Qd8c7
13.Bc1a3 Ng6f4
14.Ba3xe7 Qc7xe7
15.e5 Nf4xd3
16.Qc2xd3 Nf6d7
17.Ra1b1 b6
18.Nc3e4 Bc8a6
19.Ne4d6 Re8f8
20.Qd3e4 Ba6xc4
21.Nd6xc4 Rf8d8
22.Nc4d6 f5
23.Qe4xc6 h6
24.d5 exd5
25.Qc6xd5 Kh7
26.Nd6xf5 Qe7f8
27.Qd5e4 Kh8
28.Rf1d1 Nd7c5
29.Qe4g4 Nc5b3
30.Rd1d6 Rd8xd6
31.Nf5xd6 Nb3c5
32.Nf3h4 Qf8b8
33.Nh4g6 Kh7
34.Qg4f5 Kg8
35.Ng6e7 { resign }
1-0

[Event "Tourn. n7958"]
[Site "www.chess-mail.com"]
[Date "2015.01.15"]
[Round "1"]
[White "Krasin"]
[Black "Anja"]
[WhiteElo "2240"]
[BlackElo "2000"]
[Result "1-0"]
[Round "1"]
1.e4 Ng8f6
2.Nb1c3 d5
3.d4 dxe4
4.f3 exf3
5.Ng1xf3 g6
6.Bf1c4 Bf8g7
7.Nf3e5 O-O
8.h4 Nf6h5
9.Bc1g5 Qd8d6
10.Nc3e4 Qd6b4
11.c3 Qb4a5
12.b4 Qa5b6
13.Bg5xe7 Bg7xe5
14.Be7xf8 Be5g3
15.Ne4xg3 Nh5xg3
16.Qd1f3 Bc8e6
17.Qf3f6 Kxf8
18.Bc4xe6 Qb6xe6
19.Qf6xe6 fxe6
20.Rh1h3 Ng3f5
21.h5 Kg7
22.g4 Nf5e7
23.h6 Kf7
24.Ke2 Nb8c6
25.Ra1f1 Ke8
26.Rh3f3 Nc6d8
27.Rf3f8 Kd7
28.Rf8h8 { resign }
1-0

[Event "Tourn. n7818"]
[Site "www.chess-mail.com"]
[Date "2015.01.15"]
[Round "1"]
[White "Georgepapi"]
[Black "Azulmarino"]
[WhiteElo "1630"]
[BlackElo "1530"]
[Result "1-0"]
[Round "1"]
1.e4 e5
2.Ng1f3 Nb8c6
3.Bf1c4 h6
4.d4 exd4
5.Nf3xd4 Nc6xd4
6.Qd1xd4 c5
7.Qd4d5 Qd8f6
8.e5 Qf6e6
9.Nb1c3 Bf8e7
10.O-O Qe6xd5
11.Nc3xd5 Be7d8
12.Bc1f4 f6
13.exf6 gxf6
14.Rf1e1 Ng8e7
15.Bf4d6 O-O
16.Nd5xe7 Kg7
17.Ne7xc8 Ra8xc8
18.Bd6xf8 Kxf8
19.Re1e4 f5
20.Re4e5 Bd8f6
21.Re5xf5 Ke7
22.Ra1e1 Kd6
23.Rf5xf6 Kc7
24.Rf6xh6 b6
25.Re1e7 Kd8
26.Rh6h7 Kc7
27.Re7xd7 Kb8
28.Rd7b7 Ka8
29.Rb7xa7 { resign }
1-0

[Event "Tourn. n7878"]
[Site "www.chess-mail.com"]
[Date "2015.01.15"]
[Round "1"]
[White "Julian"]
[Black "Karadajyan"]
[WhiteElo "2040"]
[BlackElo "1920"]
[Result "0-1"]
[Round "1"]
1.e4 c5
2.Ng1f3 d6
3.c3 Ng8f6
4.d3 g6
5.g3 Bf8g7
6.Bf1g2 O-O
7.O-O Nb8c6
8.h3 Ra8b8
9.Bc1e3 b5
10.Nb1d2 b4
11.Ra1b1 Bc8a6
12.c4 Nf6d7
13.Nd2b3 Ba6b7
14.d4 cxd4
15.Nb3xd4 Qd8c8
16.Nd4xc6 Qc8xc6
17.b3 Qc6xe4
18.Rf1e1 Qe4c6
19.Be3xa7 Rb8a8
20.Ba7d4 Bg7xd4
21.Qd1xd4 Nd7e5
22.Nf3h4 Qc6xg2
23.Nh4xg2 Ne5f3
24.Kf1 Nf3xd4
25.Re1xe7 Bb7xg2
26.Kxg2 Ra8xa2
27.Rb1d1 Nd4xb3
28.Rd1xd6 Nb3d2
29.c5 b3
30.Re7b7 Nd2e4
31.Rd6c6 Ra2xf2
32.Kg1 Rf8a8
{ resign }
0-1

[Event "Tourn. n7960"]
[Site "www.chess-mail.com"]
[Date "2015.01.15"]
[Round "1"]
[White "Cardiff"]
[Black "Tenzinnima"]
[WhiteElo "2070"]
[BlackElo "2180"]
[Result "0-1"]
[Round "1"]
1.d4 Ng8f6
2.c4 e6
3.Nb1c3 Bf8b4
4.Bc1g5 b6
5.Ng1f3 O-O
6.e3 d6
7.Bf1d3 Bb4xc3
8.bxc3 h6
9.Bg5h4 Bc8b7
10.O-O Nb8d7
11.a4 g5
12.Bh4g3 Nf6e4
13.Bd3xe4 Bb7xe4
14.Qd1e2 Nd7f6
15.Rf1d1 Qd8d7
16.a5 Qd7c6
17.axb6 axb6
18.h3 Nf6h7
19.Nf3e1 Ra8a4
20.f3 Ra4xc4
21.fxe4 Rc4xc3
22.d5 exd5
23.exd5 Qc6c5
24.Bg3f2 Rf8e8
25.e4 Qc5c4
26.Qe2xc4 Rc3xc4
27.Rd1d4 Re8xe4
28.Rd4xc4 Re4xc4
29.Ne1d3 Nh7f6
30.Ra1a8 Kh7
31.Ra8a7 Nf6xd5
32.Kf1 f5
33.Ke2 Rc4e4
34.Kf1 Kg6
35.Ra7a8 Re4e6
36.Ra8a5 bxa5
{ resign }
0-1

[Event "Tourn. n7954"]
[Site "www.chess-mail.com"]
[Date "2015.01.15"]
[Round "1"]
[White "Bjonil60"]
[Black "Gatrooper"]
[WhiteElo "1320"]
[BlackElo "1390"]
[Result "0-1"]
[Round "1"]
1.d4 d5
2.Ng1f3 Nb8c6
3.e3 a6
4.Nb1c3 Ng8f6
5.h3 h6
6.g3 e6
7.g4 Bf8b4
8.a3 Bb4xc3
9.bxc3 Nf6e4
10.Bc1b2 f5
11.Rh1g1 fxg4
12.hxg4 g5
13.Bf1h3 h5
14.a4 h4
15.Qd1d3 Qd8f6
16.Bh3g2 h3
17.Bg2f1 Qf6xf3
18.Bf1e2 Qf3xf2
19.Kd1 Qf2xg1
20.Be2f1 Ne4f2
21.Ke2 Nf2xd3
22.Kxd3 h2
23.Bf1e2 Qg1g2
24.a5 h1Q
25.Ra1xh1 Rh8xh1
26.Bb2a3 Rh1h2
27.Ba3c1 Qg2xe2

0-1

[Event "Match"]
[Site "www.echecsemail.com"]
[Date "2015.01.15"]
[Round "1"]
[White "Razorboy"]
[Black "Whitekknight"]
[WhiteElo "1770"]
[BlackElo "1880"]
[Result "1-0"]
[Round "1"]
1.d4 d5
2.Ng1f3 Ng8f6
3.Bc1g5 h6
4.Bg5xf6 gxf6
5.e3 Bf8g7
6.Nb1c3 e6
7.Bf1b5 c6
8.Bb5d3 Nb8d7
9.O-O b5
10.b4 a5
11.bxa5 Qd8xa5
12.Qd1d2 e5
13.dxe5 fxe5
14.e4 d4
15.Nc3b1 Qa5xd2
16.Nb1xd2 Nd7f6
17.c4 dxc3
18.Nd2b3 b4
19.Nf3xe5 Bc8b7
20.Nb3c5 Ra8b8
21.Ra1b1 Bb7a8
22.Bd3c4 O-O
23.Nc5d7 Nf6xe4
24.Nd7xb8 Bg7xe5
25.Nb8d7 Rf8e8
26.Nd7xe5 Re8xe5
27.Rb1xb4 Kf8
28.Bc4b3 Ne4d2
29.Rb4b8 Re5e8
30.Rb8xe8 Kxe8
31.Rf1c1 Nd2xb3
32.axb3 Kd7
33.Rc1xc3 Ke6
34.Rc3h3 f6
35.Rh3xh6 c5
36.f4 Ba8d5
37.Rh6h5 f5
38.Rh5h6 Kd7
39.Rh6f6 Bd5e4
40.Kf2 Ke7
41.Rf6a6 Be4d5
42.h4 Bd5xb3
43.Ke3 Kf7
44.Ra6a5 { resign }
1-0

[Event "Match"]
[Site "www.echecsemail.com"]
[Date "2015.01.15"]
[Round "1"]
[White "Rindrandria"]
[Black "Ranjachess"]
[WhiteElo "1530"]
[BlackElo "1550"]
[Result "0-1"]
[Round "1"]
1.c3 d5
2.d4 Bc8f5
3.Nb1d2 Nb8d7
4.Qd1b3 Nd7b6
5.Nd2f3 e6
6.e3 Ng8f6
7.c4 dxc4
8.Bf1xc4 Nb6xc4
9.Qb3xc4 Bf5e4
10.Qc4b5 Qd8d7
11.Qb5xb7 Be4xb7
12.Ng1h3 O-O-O
13.Nf3e5 Qd7e7
14.f3 Nf6d5
15.a3 f6
16.Ne5c4 e5
17.dxe5 fxe5
18.e4 Qe7c5
19.Nc4xe5 Nd5c3
20.Ne5f7 Rd8d1

0-1

[Event "Match"]
[Site "www.echecsemail.com"]
[Date "2015.01.15"]
[Round "1"]
[White "Udo"]
[Black "Gavroche"]
[WhiteElo "1530"]
[BlackElo "1810"]
[Result "1-0"]
[Round "1"]
1.h3 e5
2.d3 d5
3.Ng1f3 Nb8c6
4.Bc1d2 Ng8f6
5.a3 Bc8f5
6.h4 h5
7.g3 e4
8.Nf3g1 Bf8c5
9.c3 exd3
10.exd3 O-O
11.Bf1e2 Nf6g4
12.Ng1h3 Rf8e8
13.f3 Ng4e3
14.Bd2xe3 Bc5xe3
15.a4 a5
16.Nb1a3 Nc6a7
17.Rh1h2 c6
18.d4 b5
19.axb5 cxb5
20.Na3xb5 Qd8b6
21.Ra1a3 Na7xb5
22.Ra3b3 Qb6d6
23.Rh2g2 Bf5xh3
24.Kf1 Bh3xg2
25.Kxg2 Nb5c7
26.Qd1d3 Be3h6
27.Rb3a3 Re8e6
28.Ra3a1 Re6g6
29.g4 Nc7e6
30.Kf2 Ne6f4
31.Qd3b5 hxg4
32.fxg4 Qd6f6
33.Be2f3 Qf6xh4
34.Kf1 Qh4h3
35.Kf2 Qh3h2
36.Ke1 Qh2f2
37.Kxf2 { resign }
1-0